[Event "Tournoi Skype 025B"]
[Site "Skype"]
[Date "????.??.??"]
[Round "7.35"]
[White "Barrionuevo, Hilario"]
[Black "Trapletti, Cosetta"]
[Result "0-1"]
[WhiteElo "1121"]
[BlackElo "1000"]
[PlyCount "120"]

1. d4 d5 2. Bf4 Bf5 3. e3 Nf6 4. Bd3 Bxd3 5. Qxd3 e6 6. Nf3 Nbd7 7. Nc3 c6 8.
h3 g6 9. O-O Bg7 10. Bd6 Nh5 11. e4 Ndf6 12. e5 Bf8 13. Ba3 Ne4 14. Rfe1 Bxa3
15. bxa3 O-O 16. Nxe4 dxe4 17. Rxe4 f6 18. Rae1 Qe7 19. Qe3 Rae8 20. Qh6 Rf7
21. Rg4 Rg7 22. Ree4 f5 23. Qg5 Qxg5 24. Nxg5 fxe4 25. Rxe4 Rf8 26. Nxe6 Nf6
27. Re2 Nh5 28. Re3 g5 29. g4 Nf4 30. Nxf8 Kxf8 31. e6 Re7 32. Re5 Nxe6 33. c4
h6 34. Rf5+ Kg7 35. d5 Nd4 36. d6 Re1+ 37. Kg2 Re8 38. d7 Rd8 39. h4 gxh4 40.
Rh5 Nc2 41. g5 Ne1+ 42. Kf1 Nf3 43. gxh6+ Kh7 44. Kg2 Ne1+ 45. Kf1 Nf3 46. Kg2
Nd2 47. Rxh4 Rxd7 48. f4 Rd8 49. f5 Rg8+ 50. Kf2 Rf8 51. Rh5 Ne4+ 52. Kf3 Nf6
53. Rg5 Kxh6 54. Rg6+ Kh5 55. Rg7 Rd8 56. Rf7 Rd3+ 57. Kf4 Nd5+ 58. Ke5 Nf4 59.
Kxf4 Rd4+ 60. Kf3 Kg5 0-1

[Event "Tournoi Skype 025B"]
[Site "Skype"]
[Date "????.??.??"]
[Round "7.36"]
[White "Schuh, David"]
[Black "Tolaro, Filippa"]
[Result "0-1"]
[WhiteElo "1000"]
[BlackElo "1000"]
[PlyCount "80"]

1. d4 c6 2. c4 d5 3. cxd5 cxd5 4. Nf3 Bf5 5. Bf4 e6 6. Bxb8 Rxb8 7. Nc3 Bb4 8.
a3 Ba5 9. e3 Rc8 10. Bb5+ Ke7 11. b4 Bb6 12. O-O Rxc3 13. Qd2 Rc7 14. Rfc1 Nf6
15. Rc3 e5 16. dxe5 Ne4 17. Qd3 Rxc3 18. Qe2 Bd7 19. Bxd7 Qxd7 20. g3 Rhc8 21.
Qe1 d4 22. exd4 Bxd4 23. Nxd4 Qxd4 24. Rd1 Qb6 25. Qxe4 Kf8 26. Qxh7 Rd8 27.
Qh8+ Ke7 28. Rxd8 Qxd8 29. Qxg7 Rc1+ 30. Kg2 Qd5+ 31. f3 Qd2+ 32. Kh3 Rh1 33.
e6 Kxe6 34. Qg4+ f5 35. Qg6+ Ke5 36. f4+ Ke4 37. Kh4 Qxh2+ 38. Kg5 Qxg3+ 39.
Kf6 Qc3+ 40. Kg5 Rg1+ 0-1

[Event "Tournoi Skype 025B"]
[Site "Skype"]
[Date "????.??.??"]
[Round "7.37"]
[White "Blaevoet, Rebecca"]
[Black "Lecluyse, Koenraad"]
[Result "0-1"]
[WhiteElo "1196"]
[BlackElo "1173"]
[PlyCount "38"]

1. e4 e6 2. Nf3 Nc6 3. d4 d5 4. Nc3 Bb4 5. Bd3 Bxc3+ 6. bxc3 dxe4 7. Bxe4 Nf6
8. Bxc6+ bxc6 9. Ba3 Ba6 10. Ne5 Qd5 11. Qb1 Qxg2 12. Kd2 Qxf2+ 13. Kd1 Qe2+
14. Kc1 Ne4 15. Kb2 Rb8+ 16. Bb4 Qd2 17. Qd1 Qe3 18. Kb3 Qxc3+ 19. Ka4 Qxb4#
0-1

[Event "Tournoi Skype 025B"]
[Site "Skype"]
[Date "????.??.??"]
[Round "7.38"]
[White "Schnell, Nicolas"]
[Black "Gagnon, Sindy"]
[Result "0-1"]
[WhiteElo "1000"]
[BlackElo "1000"]
[PlyCount "52"]

1. e4 Nc6 2. Bb5 a6 3. Bc4 e6 4. Qf3 Nf6 5. Qe2 d5 6. exd5 Bd6 7. d3 O-O 8. Nf3
b5 9. Bb3 exd5 10. Nc3 Ng4 11. Ne4 Qd7 12. Nfg5 Nxh2 13. Qh5 Qf5 14. Nf6+ gxf6
15. Bxd5 fxg5 16. b3 Bc5 17. Rxh2 Qxf2+ 18. Kd1 Re8 19. Qxg5+ Kf8 20. Qh6+ Kg8
21. Qxh7+ Kf8 22. Bh6+ Ke7 23. Bg5+ Kd7 24. Bxc6+ Kxc6 25. Rh6+ f6 26. Bxf6
Qe1# 0-1